000 00599nam a2200229Ia 4500
003 OSt
005 20221007073118.0
006 a|||||r|||| 00| 0
007 ta
008 221006b |||||||| |||| 00| 0 eng d
024 _a16,236
037 _cTextual
040 _aFLL
_cFLL
_beng
041 _2eng
_aeng
082 _aX89:Z73, L0
100 _aCalabresi Guido
_9328351
245 0 _aCosts of accidents
260 _aLondon
_bYale University Press London
_c1970
300 _a340p
_ccm.
942 _hX89:Z73, L0
_cTEXL
_2CC
999 _c1147716
_d1147716